| 000 | 00584nam a2200217Ia 4500 | ||
|---|---|---|---|
| 005 | 20250923150105.0 | ||
| 008 | 008 250917s9999 xx 000 0 eng d | ||
| 037 | _aTextual | ||
| 040 |
_aDSWL _beng _cDSWL |
||
| 041 |
_aeng _2eng |
||
| 084 |
_aY:4371, PO1 _qDSWL |
||
| 100 |
_aBarkan, S E _9842110 |
||
| 245 | 0 |
_aCollective violence _c by S E Barkan |
|
| 260 |
_aBoston _bAllyn & Bacon _c2001 |
||
| 300 | _a152p. | ||
| 365 |
_aINR _b1656.6 |
||
| 700 |
_a L L Snowden _9842111 |
||
| 925 | _g1656.6 | ||
| 942 |
_cTEXL _hY:4371, PO1 |
||
| 999 |
_c1459434 _d1459434 |
||